Normal view MARC view

Entry Personal Name

Number of records used in: 2

001 - CONTROL NUMBER

  • control field: 1611

003 - CONTROL NUMBER IDENTIFIER

  • control field: OSt

005 - DATE AND TIME OF LATEST TRANSACTION

  • control field: 20110426093202.0

008 - FIXED-LENGTH DATA ELEMENTS

  • fixed length control field: 110426|||a|||||| | ||| d

040 ## - CATALOGING SOURCE

  • Original cataloging agency: OSt
  • Transcribing agency: OSt

100 ## - HEADING--PERSONAL NAME

  • Personal name: Hunter, Muir.

670 ## - SOURCE DATA FOUND

  • Source citation: Work cat.: (OSt)0: Walton, Raymond, Sir. 1609, Kerr on the law and practice as to receivers and administrators /, 1989.